| 000 | 00357nam a22001577a 4500 | ||
|---|---|---|---|
| 003 | OSt | ||
| 005 | 20211026094133.0 | ||
| 008 | 211026b |||||||| |||| 00| 0 eng d | ||
| 020 | _a0750639148 | ||
| 040 |
_aHU _cDDC |
||
| 082 | _a349.42 | ||
| 245 | _aLAW | ||
| 260 |
_aBOSTON _bMADE SIMPLE BOOKS _c1998 |
||
| 300 | _axii,385,P,32CM | ||
| 942 |
_2ddc _cBOOKS _n0 |
||
| 999 |
_c14865 _d14865 |
||